000 01027cam a2200289 4500
001 32340
003 BD-RjUL
005 20211209051823.0
008 140426s1969 enk 000 0 eng
020 _a0042970202
035 _a(BD-RjUL)32429
040 _aDLC
_cDLC
_dDLC
_dBD-RjUL
_beng
041 1 _aengara
082 0 0 _a297.42
_bIBS 1969
100 2 _aibn Muḥammad, Ayn al-Quḍāh al-Hamadhānī ʻAbd Allāh
_d-1131.
_998390
245 1 2 _aA Sufi martyr :
_bthe 'Apologia' of ʻAin al-Quḍāt al-Hamadhānī /
_ctranslated [from the Arabic] with introduction and notes by A. J. Arberry.
260 _aLondon :
_bAllen & Unwin,
_c1969.
300 _a9-101 p. ;
_c23 cm.
350 _a28/-
500 _aTranslation of Shakwā al-gharīb ʻan al-awṭān (romanized form)
650 0 _aSufism
_xEarly works to 1800.
_998391
700 1 _aArberry, A. J.
_q(Arthur John),
_d1905-1969,
_eed.
_95438
942 _2ddc
_cBK
999 _c32340
_d32340